Luces sobre México (Record no. 11051)

MARC details
000 -CABECERA
campo de control de longitud fija 01123nam a22002897a 4500
001 - NÚMERO DE CONTROL
campo de control BRCA_9429
003 - IDENTIFICADOR DEL NÚMERO DE CONTROL
campo de control FranzMayer
005 - FECHA Y HORA DE LA ÚLTIMA TRANSACCIÓN
campo de control 20230918130701.0
008 - DATOS DE LONGITUD FIJA--INFORMACIÓN GENERAL
campo de control de longitud fija 230906b |||||||| |||| 00| 0 eng d
020 ## - NÚMERO INTERNACIONAL ESTÁNDAR DEL LIBRO
Número Internacional Estándar del Libro 9703511899
040 ## - FUENTE DE LA CATALOGACIÓN
Centro catalogador/agencia de origen MFM
Lengua de catalogación ESPAÑOL
Centro/agencia transcriptor MFM
050 #0 - SIGNATURA TOPOGRÁFICA DE LA BIBLIOTECA DEL CONGRESO
Número de clasificación Z663.39
Número de documento/Ítem C37 2006
100 1# - ENTRADA PRINCIPAL--NOMBRE DE PERSONA
Código de función/relación Autor
Nombre de persona Casanova, Rosa
9 (RLIN) 29692
240 ## - TÍTULO UNIFORME
Título uniforme Luces sobre México
Medio Catálogo selectivo de la fototeca nacional del INAH
Lenguaje de la obra Español
245 0# - MENCIÓN DE TÍTULO
Título Luces sobre México
Resto del título Catálogo selectivo de la fototeca nacional del INAH
260 ## - PUBLICACIÓN, DISTRIBUCIÓN, ETC.
Lugar de publicación, distribución, etc. México
Nombre del editor, distribuidor, etc. INAH
Fecha de publicación, distribución, etc. 2006
300 ## - DESCRIPCIÓN FÍSICA
Extensión 295 p
Otras características físicas Ilustraciones
Dimensiones 31 cm
500 ## - NOTA GENERAL
Nota general Anexo 1
500 ## - NOTA GENERAL
Nota general Incluye un sobre cerrado en el fondo, el cual contiene el nombre de la obra
500 ## - NOTA GENERAL
Nota general Libro en pasta dura, con una sobrecubierta de plástico transparente
505 ## - NOTA DE CONTENIDO CON FORMATO
Nota de contenido con formato Texto en: españolIncluye índice temáticoDirigido a: fotógrafos e historiadores de arte
650 1# - PUNTO DE ACCESO ADICIONAL DE MATERIA--TÉRMINO DE MATERIA
Fuente del encabezamiento o término Biblioteca
Término de materia o nombre geográfico como elemento de entrada Colecciones
Subdivisión de forma Salas especiales
9 (RLIN) 29693
651 2# - PUNTO DE ACCESO ADICIONAL DE MATERIA--NOMBRE GEOGRÁFICO
Fuente del encabezamiento o término Artes
Nombre geográfico Fotografía
Subdivisión de forma Fototeca
9 (RLIN) 29694
700 1# - PUNTO DE ACCESO ADICIONAL--NOMBRE DE PERSONA
Código de función/relación Autor
Nombre de persona Konzevik, Adriana
9 (RLIN) 29695
856 ## - LOCALIZACIÓN Y ACCESO ELECTRÓNICOS
Especificación de materiales Incluye un cd
942 ## - ELEMENTOS DE PUNTO DE ACCESO ADICIONAL (KOHA)
Fuente del sistema de clasificación o colocación Library of Congress Classification
Tipo de ítem Koha Libros
Holdings
Estado de retiro Estado de pérdida Fuente del sistema de clasificación o colocación Estado dañado No para préstamo Código de colección Localización permanente Ubicación/localización actual Fecha de adquisición Total de préstamos Signatura topográfica completa Código de barras Fecha visto por última vez Precio válido a partir de Tipo de ítem Koha
El ejemplar forma parte de la colección y puede ser consultado según las políticas vigentes.   Library of Congress Classification     Fondo Contemporáneo Biblioteca del Museo Franz Mayer (Rogerio Casas-Alatriste) Biblioteca del Museo Franz Mayer (Rogerio Casas-Alatriste) 06/09/2023   Z663.39 C37 2006 CONT10202 06/09/2023 06/09/2023 Libros